| 000 | 01000nam a22003257a 4500 | ||
|---|---|---|---|
| 001 | 065 | ||
| 003 | DO-SdBNP | ||
| 005 | 20180220144557.0 | ||
| 007 | 065 | ||
| 008 | 151005b 1992 sp a 00| 0 spa d | ||
| 020 | _a8434823071 | ||
| 040 |
_aBPMSU _bspa _cBPMSU |
||
| 092 |
_aXXXX _bXXXX |
||
| 100 | 1 | _aMorey, Walt | |
| 240 | 1 | 0 |
_aKävik the wolf dog / _f1988 _leng |
| 245 | 1 | 0 |
_aKavik, el perro lobo / _cWalt Morey ; ilustraciones Mónica Echevarría ; traducción Pedro Barbadillo ; colección dirigida por Marinella Terzi |
| 250 | _a5a. ed. | ||
| 260 |
_aMadrid : _bEdiciones SM, _c1992. |
||
| 300 |
_a171 p. : _bil. ; _c19 cm. |
||
| 490 | 1 |
_aEl barco de vapor _aSerie Roja _v45 |
|
| 521 | 1 | _aA partir de los 12 años | |
| 700 | 1 | 2 |
_aTerzi, Marinella _edir. |
| 700 | 1 | 2 |
_aEchevarría, Mónica _eil. |
| 700 | 1 | 2 |
_aBarbadillo, Pedro _etrad. |
| 830 | 0 |
_aBarco de vapor _n45 _pSerie Roja |
|
| 910 | _a202 | ||
| 942 |
_2ddc _cBK |
||
| 945 | _aInventariado, 2018/ YL | ||
| 956 |
_aYLOCKWARD _b10 _cBPMSU |
||
| 999 |
_c8474 _d8474 |
||